LEADER 01141nam0-22004091i-450- 001 990001493060403321 005 20120113113808.0 010 $a88-7545-673-9 035 $a000149306 035 $aFED01000149306 035 $a(Aleph)000149306FED01 035 $a000149306 100 $a20020408d1992----km-y0itay50------ba 101 0 $aita 102 $aIT 105 $aa---a---001yy 200 1 $aPaleontologia generale e sistematica degli invertebrati$fAndrea Allasinaz 205 $a2. ed. 210 $aGenova$cEcig$dc1992 215 $a674 p.$cill.$d24 cm 225 1 $aScienze 610 0 $aPaleontologia 610 0 $aInvertebrati 676 $a560$v21 700 1$aAllasinaz,$bAndrea$066467 801 0$aIT$bUNINA$gRICA$2UNIMARC 901 $aBK 912 $a990001493060403321 952 $aEDISU-560-(15$b20572$fSC1 952 $aEDISU-560-(14$b20571$fSC1 952 $aEDISU-560-(16$b20573$fSC1 952 $aEDISU-560-(18$b20575$fSC1 952 $aEDISU-560-(17$b20574$fSC1 959 $aSC1 959 $aNAP10 996 $aPaleontologia generale e sistematica degli invertebrati$984245 997 $aUNINA LEADER 05334nam 22006254a 450 001 9910145736003321 005 20170815112342.0 010 $a1-281-31219-3 010 $a9786611312190 010 $a0-470-76219-5 010 $a0-470-99602-1 010 $a0-470-99601-3 035 $a(CKB)1000000000413901 035 $a(EBL)351425 035 $a(OCoLC)437218679 035 $a(SSID)ssj0000242626 035 $a(PQKBManifestationID)11923080 035 $a(PQKBTitleCode)TC0000242626 035 $a(PQKBWorkID)10310953 035 $a(PQKB)10992971 035 $a(MiAaPQ)EBC351425 035 $a(EXLCZ)991000000000413901 100 $a20060428d2006 uy 0 101 0 $aeng 135 $aur|n|---||||| 181 $ctxt 182 $cc 183 $acr 200 10$aSea trout$b[electronic resource] $ebiology, conservation, and management : proceedings of First International Sea Trout Symposium, Cardiff, July 2004 /$fedited by Graeme Harris and Nigel Milner 210 $aOxford ;$aAmes, Iowa $cBlackwell$d2006 215 $a1 online resource (522 p.) 300 $aDescription based upon print version of record. 311 $a1-4051-2991-3 320 $aIncludes bibliographical references and index. 327 $aSEA TROUT:BIOLOGY, CONSERVATIONAND MANAGEMENT; Contents; Foreword; Preface; Opening Address 1. Sea Trout: AWelsh Perspective; Opening Address 2. Sea Trout and the Environment Agency; 1 Setting the Scene - Sea Trout in England and Wales - A Personal Perspective; Section 1STOCKS AND FISHERIES; 2 Patterns of Anadromy and Migrations of Pacific Salmon and Trout at Sea; 3 A Review of the Status of Irish Sea Trout Stocks; 4 Characteristics of the Sea Trout Salmo trutta (L.) Stock Collapse in the River Ewe (Wester Ross, Scotland), in 1988-2001 327 $a5 Characteristics of the Sea Trout (Salmo trutta L.) Stocks from the Owengowla and Invermore Fisheries, Connemara,Western Ireland, and Recent Trends in Marine Survival6 Annual Variation in Age Composition, Growth and Abundance of Adult Sea Trout Returning to the River Dee at Chester, 1991-2003; 7 Sea Trout Stock Descriptions in England and Wales; 8 The Rod and Net Sea Trout Fisheries of England and Wales; 9 General Overview of Turkish Sea Trout (Salmo trutta L.) Populations; 10 The Status and Exploitation of Sea Trout on the Finnish Coast of the Gulf of Bothnia in the Baltic Sea 327 $a11 Sea Trout (Salmo trutta L.) in European Salmon (Salmo salar L.) RiversSection 2GENETICS AND LIFE HISTORY; 12 Genetics of Sea Trout, with Particular Reference to Britain and Ireland; 13 The Genetic Basis of Smoltification: Functional Genomics Tools Facilitate the Search for the Needle in the Haystack; 14 Life History of the Anadromous Trout Salmo trutta; 15 Migration as a Life-History Strategy for the Sea Trout; 16 Life History of a SeaTrout (Salmo trutta L.) Population from the North-West Iberian Peninsula (River Ulla, Galicia, Spain) 327 $a17 Review and Perspectives on Molecular Genetic Approaches to Sea Trout BiologySection 3POPULATION DYNAMICS, ECOLOGYAND BEHAVIOUR; 18 A 35-Year Study of Stock-Recruitment Relationships in a Small Population of Sea Trout: Assumptions, Implications and Limitations for Predicting Targets; 19 Characteristics of the Burrishoole Sea Trout Population: Census, Marine Survival, Enhancement and Stock...Recruitment Relationship, 1971-2003; 20 Population Dynamics and Stock-Recruitment Relationship of Sea Trout in the River Bresle, Upper Normandy, France; Section 4MANAGING STOCKS AND FISHERIES 327 $a21 The Spawning Habitat Requirements of Sea Trout: A Multi-Scale Approach22 Research Activities and Management of Brown Trout and Sea Trout (Salmo trutta L.) in Denmark; 23 Stocking Sea Trout (Salmo trutta L.) in the River Shieldaig, Scotland; 24 Is Stocking with Sea Trout Compatible with the Conservation of Wild Trout (Salmo trutta L.)?; 25 Sea Lice Lepeophtheirus salmonis Infestations of Post-Smolt Sea Trout in Loch Shieldaig,Wester Ross, 1999-2003; 26 Comparison of Survival, Migration and Growth in Wild, Offspring from Wild (F1) and Domesticated Sea-Run Trout (Salmo trutta L.) 327 $a27 The Rapid Establishment of a Resident Brown Trout Population from Sea Trout Progeny Stocked in a Fishless Stream 330 $aThe Brown trout displays widely divergent life history strategies involving, variously, usage of streams, rivers, lakes, estuaries and the sea. The sea trout is the full sea-going form, it is very common and competes with salmon for the position of the most sought after migratory salmonid in many countries. Its use of freshwater, estuaries and coastal waters gives it a unique position as a sentinel species of environmental quality across these habitats. Although a commercially and recreationally important fish species, the management and scientific knowledge about sea trout has often been ov 606 $aSea trout$vCongresses 608 $aElectronic books. 615 0$aSea trout 676 $a639.3757 701 $aHarris$b Graeme$0920392 701 $aMilner$b Nigel$0920393 712 12$aInternational Sea Trout Symposium 801 0$bMiAaPQ 801 1$bMiAaPQ 801 2$bMiAaPQ 906 $aBOOK 912 $a9910145736003321 996 $aSea trout$92064412 997 $aUNINA LEADER 06083nam 2200769Ia 450 001 9910958573103321 005 20200520144314.0 010 $a9786612703621 010 $a9781282703629 010 $a1282703625 010 $a9780299247331 010 $a0299247333 035 $a(CKB)2550000000019521 035 $a(OCoLC)680616867 035 $a(CaPaEBR)ebrary10404242 035 $a(SSID)ssj0000486186 035 $a(PQKBManifestationID)11307196 035 $a(PQKBTitleCode)TC0000486186 035 $a(PQKBWorkID)10443195 035 $a(PQKB)10042386 035 $a(SSID)ssj0000412042 035 $a(PQKBManifestationID)11913118 035 $a(PQKBTitleCode)TC0000412042 035 $a(PQKBWorkID)10365483 035 $a(PQKB)11238742 035 $a(Au-PeEL)EBL3445032 035 $a(CaPaEBR)ebr10404242 035 $a(CaONFJC)MIL270362 035 $a(OCoLC)729015546 035 $a(MiAaPQ)EBC3445032 035 $a(Perlego)4386044 035 $a(EXLCZ)992550000000019521 100 $a20100830d1993 ub 0 101 0 $anor 135 $aurcn||||||||| 181 $ctxt 182 $cc 183 $acr 200 10$aArbeidsbook til Norsk $enordmenn og Norge ; antologi /$fKathleen Stokker og Odd Haddal 205 $a1st ed. 210 $aMadison, Wis. $cUniversity of Wisconsin Press$d1993 215 $a1 online resource (225 p.) 300 $aBibliographic Level Mode of Issuance: Monograph 311 08$a9780299134556 311 08$a0299134555 320 $aIncludes bibliographical references. 327 $aIntro -- Innhold (Contents) -- Introduction -- Grammatisk Oversikt -- I. Substantiver (nouns) -- II. Personlige pronomener (personal pronouns) -- III. Andre pronomener (other pronouns) -- IV. Adjektiv (adjectives) -- V. Verb (verbs) -- VI. Adverb (adverbs) -- VII. Gradbøying av adjektiv og adverb (comparison) -- VIII. Konjunksjon og ordstilling (conjunctions and word order) -- IX. Den engelske «-ing» (ways of expressing the English -ing expressions) -- X. Litt av hvert (miscellaneous) -- XI. Inderekte tale (indirect discourse) -- XII. Å utvide handligen i tid (extending action in time) -- Repetisjon -- I. Velkommen hit -- II. Substantivet -- III. Verbet -- IV. Ordstilling -- V. Adjektivet -- VI. Pronomener -- VII. Adverbet -- VIII. Påpekende pronomener -- IX. Sammenligning: Komparasjon av adjektiv og adverb -- X. Preposisjoner -- XI. Tidsuttrykk -- XII. Litt av hvert -- XIII. Kryssord -- Oppgaver til Utvalgte Stykker I Antologien -- «Askeladden som kappåt med trollet» -- «Barfrost» av Arve Moen -- I. Repetisjon -- II. Nytt materiell -- «Britt og dukken» av Andreas Norland -- I. Repetisjon -- II. Nytt materiell -- «Til Snåpen» av Alfred Naess -- I. Repetisjon -- II. Nytt materiell -- «Barnets århundre» av Erik Strand Torgersen -- I. Repetisjon -- II. Nytt materiell -- «Vaers så god, neste» av Ebba Haslund -- I. Repetisjon -- II. Nytt materiell -- I. Kryssord (ord fra «Til Snåpen», «Barnets århundre», «Vaer så god, neste») -- «Desertøren» av Boris Vian, oversatt av André Bjerke -- «Barnetime for de voksne» av Anne-Cath. Vestly -- «Den Savnede» av Arnulf Øverland -- I. Repetisjon -- II. Nytt materiell -- «Språk» av Dag Solstad -- «mandag» av Odd Storsaeter -- «Gjertrudsfuglen» gjenfortalt av Jørgen Moe -- Nynorsk: «Eit brev», «Slalåm-jenta», «Vi skal ikkje sova bort sumarnatta», «Din veg»: Forskjell på nynorsk og bokmål. 327 $aRiskmål: «Faderen»: Forskjell på riskmål og bokmål -- «En te med sitron» av Inger Hagerup -- «Juryen vil nå trekke seg tilbake» av Agnar Mykle -- Fasit -- Repetisjon -- «Askeladden som kappåt med trollet» -- «Barfrost» -- «Britt og dukken» -- «Barnets århundre» -- «Vaer så god, neste» -- «Desertøren» -- «Barnetime for de voksne» -- «Den savnede» -- «Språk» -- «mandag» -- «Gjertrudsfuglen» -- «En te med sitron» -- «Juryen vil nå trekke seg tilbake» -- Litteraturliste. 330 8 $aThis intermediate workbook, like the other materials in the Norsk, nordmenn og Norge series, regards communication as the primary goal of language learning. Experience has shown that students need to pass through a period of meaningful structural practice as they develop their communication skills. The workbook aims to provide that practice in psychologically realistic and useful ways, combining entertaining activities with more traditional exercises.Toward these ends, the workbook features: ?an extensive overview of the basics of Norwegian grammar, providing a ready reference throughout the course ?a thorough review of elementary Norwegian vocabulary and grammar, allowingstudents whose preparation in the language differs to share a common knowledge base ?Hvem er du? sections that encourage the learner to personalize the material ?Litt av hvert sections that provide short summaries of the anthology's reading passages (lesestykker) while reviewing common problems with vocabulary and grammar ?crossword puzzles and cartoons. Norsk, nordmenn og Norge: Arbeidsbok (Workbook) is a companion to the Norsk, nordmenn og Norge: Antologi (Anthology) and Lærerveiledning (Teacher's Manual). 517 3 $aArbeidsbook til Norsk 2 :$enordmenn og Norge = Workbook for intermediate Norwegian 517 3 $aArbeidsbook til Norsk two :$enordmenn og Norge = Workbook for intermediate Norwegian 517 3 $aWorkbook for intermediate Norwegian 517 3 $aNorsk :$eantologi 606 $aNorwegian language$xStudy and teaching 606 $aNorwegian language$vProblems, exercises, etc 606 $aNorwegian language$vTextbooks for foreign speakers$xEnglish 615 0$aNorwegian language$xStudy and teaching. 615 0$aNorwegian language 615 0$aNorwegian language$xEnglish. 700 $aStokker$b Kathleen$f1946-$01804034 801 0$bMiAaPQ 801 1$bMiAaPQ 801 2$bMiAaPQ 906 $aBOOK 912 $a9910958573103321 996 $aArbeidsbook til Norsk$94351877 997 $aUNINA